| Tag |
First Indicator |
Second Indicator |
Subfields |
| LEADER |
00000cgm a2200000Ia 4500 |
| 001 |
in00002783581 |
| 005 |
20150922151725.0 |
| 007 |
vd cvaizs |
| 008 |
080612s2008 cau083 vleng d |
| 024 |
1 |
|
|a 844503000187
|
| 028 |
4 |
0 |
|a LF00180
|b Legend Films
|
| 035 |
|
|
|a (OCoLC)ocn231756487
|
| 035 |
|
|
|a (OCoLC)231756487
|
| 040 |
|
|
|a JDP
|c JDP
|d OCLCA
|d OSU
|d TEF
|d UtOrBLW
|
| 041 |
1 |
|
|a eng
|j eng
|h eng
|
| 049 |
|
|
|a TXAM
|
| 050 |
|
4 |
|a PN1995.9.H6
|b S4685 2008
|
| 082 |
0 |
4 |
|a 791.43/72
|2 23
|
| 090 |
|
|
|a PN1995.9.H6
|b S585 2008
|
| 245 |
0 |
4 |
|a The Skull /
|c Paramount Pictures presents an Amicus Production ; produced by Milton Subotsky and Max J. Rosenberg ; screenplay by Milton Subotsky ; directed by Freddie Francis.
|
| 264 |
|
1 |
|a [Hollywood, Calif.] :
|b Paramount,
|c 2008.
|
| 300 |
|
|
|a 1 videodisc (approximately 83 min.) :
|b sound, color ;
|c 4 3/4 in.
|
| 336 |
|
|
|a two-dimensional moving image
|b tdi
|2 rdacontent
|
| 337 |
|
|
|a video
|b v
|2 rdamedia
|
| 338 |
|
|
|a videodisc
|b vd
|2 rdacarrier
|
| 538 |
|
|
|a DVD; widecreen (2.35) presentation; region 1; NTSC.
|
| 546 |
|
|
|a English dialogue; closed-captioned.
|
| 511 |
1 |
|
|a Peter Cushing, Patrick Wymark, Nigel Green, Jill Bennett, Michael Gough, George Coulouris, Christopher Lee.
|
| 508 |
|
|
|a Directed by Freddie Francis ; produced by Milton Subotsky and Max J. Rosenberg.
|
| 500 |
|
|
|a Originally released as a motion picture in 1965.
|
| 521 |
8 |
|
|a Rating: Not rated.
|
| 500 |
|
|
|a The Skull introduces us to Dr. Christopher Maitland, a collector of the occult. When he is given the opportunity to purchase one of the infamous Marquis de Sade, he leaps at the chance. What he doesn't know is that his friend, Matthew Phillips is the former owner of the skull, and quite happy to be rid of it. Possession of The Skull leads to a terrifying series of nightmarish events for Dr. Maitland as he tries to keep control of his life.
|
| 500 |
|
|
|a Videorecording.
|
| 600 |
1 |
0 |
|a Sade,
|c marquis de,
|d 1740-1814
|v Drama.
|
| 650 |
|
0 |
|a Skull
|v Drama.
|
| 655 |
|
7 |
|a Horror films.
|2 lcgft
|
| 655 |
|
7 |
|a Feature films.
|2 lcgft
|
| 655 |
|
7 |
|a Fiction films.
|2 lcgft
|
| 655 |
|
7 |
|a Video recordings for the hearing impaired.
|2 lcgft
|
| 700 |
1 |
|
|a Francis, Freddie,
|d 1917-2007.
|
| 700 |
1 |
|
|a Subotsky, Milton.
|
| 700 |
1 |
|
|a Rosenberg, Max J.,
|d 1914-2004.
|
| 700 |
1 |
|
|a Cushing, Peter,
|d 1913-1994.
|
| 700 |
1 |
|
|a Wymark, Patrick,
|d 1926-1970.
|
| 700 |
1 |
|
|a Green, Nigel,
|d 1924-1972.
|
| 700 |
1 |
|
|a Bennett, Jill,
|d 1930-1990.
|
| 700 |
1 |
|
|a Gough, Michael,
|d 1916-2011.
|
| 700 |
1 |
|
|a Coulouris, George,
|d 1903-1989.
|
| 700 |
1 |
|
|a Lee, Christopher,
|d 1922-2015.
|
| 700 |
1 |
|
|a Bloch, Robert,
|d 1917-1994.
|t Skull of the Marquis de Sade.
|
| 710 |
2 |
|
|a Legend Films (Firm)
|
| 710 |
2 |
|
|a Paramount Pictures Corporation (1914-1927)
|
| 710 |
2 |
|
|a Amicus Film Productions.
|
| 994 |
|
|
|a C0
|b TXA
|
| 948 |
|
|
|a cataloged
|b h
|c 2012/12/5
|d c
|e blrosas
|f 10:56:38 am
|
| 999 |
|
|
|a MARS
|
| 999 |
f |
f |
|s 7b5cae1c-359b-314c-8f6a-a9b7f4bfd3c6
|i d9ae9191-e52d-32e0-b49f-2b7d6bc5ef9f
|t 0
|
| 952 |
f |
f |
|p dvd
|a Texas A&M University
|b College Station
|c Sterling C. Evans Library
|d Evans: Media and Reserves (Annex 1st floor)
|t 0
|e PN1995.9.H6 S585 2008
|h Library of Congress classification
|i video -- videodisc
|m A14841626634
|
| 998 |
f |
f |
|a PN1995.9.H6 S585 2008
|t 0
|l Evans: Media and Reserves (Annex 1st floor)
|